[Event "Nicolo La Rosa op 16th"]
[White "Tilotta, Baldassare"]
[Black "Meo, Antonino"]
[Site "Mazara del Vallo"]
[Round "4"]
[Result "1/2-1/2"]
[Date "2008.08.12"]
[WhiteElo "1401"]
[BlackElo "1431"]
[PlyCount "96"]
[EventDate "2008.08.11"]
[EventType "swiss"]
[EventRounds "6"]
[EventCountry "ITA"]
[SourceTitle "EXT 2011"]
[Source "ChessBase"]
[SourceDate "2010.11.26"]
[SourceVersion "1"]
[SourceVersionDate "2010.11.26"]
[SourceQuality "1"]

1. e4 e5 2. Nc3 Nc6 3. Bb5 Nf6 4. Nf3 a6 5. Bc4 b5 6. Bd5 Nxd5 7. Nxd5 Bc5 8. c3 Ne7 9. b4 Ba7 10. d3 c6 11. Nxe7 Qxe7 12. Bg5 f6 13. Bd2 d5 14. exd5 cxd5 15. Qe2 0-0 16. h4 Bf5 17. Kd1 Rae8 18. h5 e4 19. Nh4 Bd7 20. Rg1 exd3 21. Qxe7 Rxe7 22. g4 Bxf2 23. Rh1 Bxg4+ 24. Kc1 Bxh5 25. Nf5 Re5 26. Rxh5 g6 27. Nh6+ Kg7 28. Rxe5 fxe5 29. Ng4 Bg3 30. Bh6+ Kg8 31. Bxf8 Kxf8 32. Kd2 h5 33. Rf1+ Bf4+ 34. Kxd3 hxg4 35. Ke2 Kf7 36. Rg1 g3 37. Kf3 Kf6 38. Rd1 Ke6 39. Ra1 Kf5 40. Rd1 e4+ 41. Kg2 Ke5 42. Kh3 g5 43. Rg1 e3 44. Re1 Ke4 45. Kg2 g4 46. Kg1 Kf3 47. Rf1+ Ke4 48. Re1 Kf3 1/2-1/2